[Event "Team Championship (men rapid)"]
[Site "Sochi"]
[Date "2017.10.03"]
[Round "5.13"]
[White "Alekseenko, Kirill"]
[Black "Sarana, Alexey"]
[Result "1/2-1/2"]
[LiveChessVersion "1.4.8"]
[BlackElo "2525"]
[WhiteElo "2583"]

1. e4 {[%clk 0:15:19]} c5 {[%clk 0:15:19]} 2. Nf3 {[%clk 0:15:27]} d6
{[%clk 0:15:28]} 3. d4 {[%clk 0:15:36]} cxd4 {[%clk 0:15:37]} 4. Nxd4
{[%clk 0:15:44]} Nf6 {[%clk 0:15:45]} 5. Nc3 {[%clk 0:15:53]} a6 {[%clk 0:15:54]}
6. h3 {[%clk 0:16:01]} e5 {[%clk 0:16:02]} 7. Nde2 {[%clk 0:16:06]} b5
{[%clk 0:16:11]} 8. g4 {[%clk 0:14:59]} b4 {[%clk 0:16:19]} 9. Nd5
{[%clk 0:15:04]} Nxd5 {[%clk 0:16:27]} 10. Qxd5 {[%clk 0:14:16]} Ra7
{[%clk 0:16:36]} 11. Bg2 {[%clk 0:13:31]} Be7 {[%clk 0:16:31]} 12. O-O
{[%clk 0:13:26]} O-O {[%clk 0:15:39]} 13. Be3 {[%clk 0:13:25]} Be6
{[%clk 0:15:44]} 14. Qd3 {[%clk 0:13:12]} Rd7 {[%clk 0:13:12]} 15. f4
{[%clk 0:13:16]} Qc7 {[%clk 0:10:02]} 16. b3 {[%clk 0:09:03]} exf4
{[%clk 0:08:36]} 17. Nxf4 {[%clk 0:09:07]} Bg5 {[%clk 0:08:34]} 18. Kh1
{[%clk 0:06:29]} Bxf4 {[%clk 0:08:28]} 19. Bxf4 {[%clk 0:06:38]} a5
{[%clk 0:08:32]} 20. Rad1 {[%clk 0:06:15]} Rfd8 {[%clk 0:08:33]} 21. Rc1
{[%clk 0:04:57]} Nc6 {[%clk 0:06:58]} 22. c3 {[%clk 0:05:05]} Qb6
{[%clk 0:06:32]} 23. Be3 {[%clk 0:04:42]} Qb7 {[%clk 0:06:31]} 24. cxb4
{[%clk 0:04:47]} Nxb4 {[%clk 0:06:31]} 25. Qd2 {[%clk 0:04:56]} Qb5
{[%clk 0:06:18]} 26. Bd4 {[%clk 0:04:18]} Nc6 {[%clk 0:05:24]} 27. Bc3
{[%clk 0:04:02]} a4 {[%clk 0:04:59]} 28. bxa4 {[%clk 0:02:56]} Qxa4
{[%clk 0:05:08]} 29. Qc2 {[%clk 0:02:31]} Qxa2 {[%clk 0:04:21]} 30. Qxa2
{[%clk 0:02:29]} Bxa2 {[%clk 0:04:30]} 31. Bxg7 {[%clk 0:02:38]} Kxg7
{[%clk 0:04:39]} 32. Rxc6 {[%clk 0:02:46]} Be6 {[%clk 0:04:19]} 33. Kh2
{[%clk 0:02:24]} d5 {[%clk 0:04:24]} 34. exd5 {[%clk 0:01:47]} 1/2-1/2

[Event "Team Championship (men rapid)"]
[Site "Sochi"]
[Date "2017.10.03"]
[Round "5.14"]
[White "Krylov, Mikhail"]
[Black "Alekseev, Evgeny"]
[Result "0-1"]
[LiveChessVersion "1.4.8"]
[BlackElo "2657"]
[WhiteElo "2497"]

1. d4 {[%clk 0:15:18]} Nf6 {[%clk 0:15:14]} 2. c4 {[%clk 0:15:26]} e6
{[%clk 0:15:23]} 3. g3 {[%clk 0:15:34]} c5 {[%clk 0:15:31]} 4. Nf3
{[%clk 0:15:42]} cxd4 {[%clk 0:15:27]} 5. Nxd4 {[%clk 0:15:50]} Qc7
{[%clk 0:14:58]} 6. Nc3 {[%clk 0:15:35]} a6 {[%clk 0:14:58]} 7. Bg5
{[%clk 0:15:14]} Qxc4 {[%clk 0:09:56]} 8. Rc1 {[%clk 0:14:28]} Nc6
{[%clk 0:10:02]} 9. Ncb5 {[%clk 0:11:20]} Qb4+ {[%clk 0:09:46]} 10. Bd2
{[%clk 0:11:20]} axb5 {[%clk 0:09:45]} 11. Bxb4 {[%clk 0:11:11]} Bxb4+
{[%clk 0:09:54]} 12. Rc3 {[%clk 0:11:17]} Rxa2 {[%clk 0:08:38]} 13. Qb1
{[%clk 0:08:50]} Ra5 {[%clk 0:06:51]} 14. Nxc6 {[%clk 0:08:37]} bxc6
{[%clk 0:06:31]} 15. Bg2 {[%clk 0:08:44]} O-O {[%clk 0:05:13]} 16. O-O
{[%clk 0:08:37]} Bxc3 {[%clk 0:05:23]} 17. bxc3 {[%clk 0:08:46]} d5
{[%clk 0:05:32]} 18. e4 {[%clk 0:07:17]} Ra4 {[%clk 0:05:17]} 19. exd5
{[%clk 0:06:56]} exd5 {[%clk 0:05:14]} 20. Re1 {[%clk 0:06:58]} Be6
{[%clk 0:05:15]} 21. h3 {[%clk 0:06:03]} h6 {[%clk 0:05:21]} 22. Qd3
{[%clk 0:05:37]} Rfa8 {[%clk 0:04:37]} 23. Qe3 {[%clk 0:05:10]} Ne4
{[%clk 0:04:16]} 24. g4 {[%clk 0:04:24]} Rc4 {[%clk 0:04:02]} 25. Bxe4
{[%clk 0:03:52]} dxe4 {[%clk 0:03:54]} 26. Qg3 {[%clk 0:03:54]} Rd8
{[%clk 0:03:34]} 27. Re3 {[%clk 0:04:00]} c5 {[%clk 0:03:25]} 28. Qe5
{[%clk 0:03:41]} b4 {[%clk 0:02:53]} 29. cxb4 {[%clk 0:03:34]} cxb4
{[%clk 0:02:56]} 30. Rxe4 {[%clk 0:03:27]} Rxe4 {[%clk 0:02:42]} 31. Qxe4
{[%clk 0:03:36]} b3 {[%clk 0:02:51]} 32. Qb4 {[%clk 0:03:39]} Bd5
{[%clk 0:02:18]} 33. f4 {[%clk 0:03:15]} Rd7 {[%clk 0:02:08]} 34. Qb5
{[%clk 0:03:16]} Rd8 {[%clk 0:01:47]} 35. Kf2 {[%clk 0:02:13]} Kh8
{[%clk 0:01:35]} 36. Ke3 {[%clk 0:02:04]} f6 {[%clk 0:01:41]} 37. h4
{[%clk 0:01:40]} Bf7 {[%clk 0:01:37]} 38. g5 {[%clk 0:01:38]} hxg5
{[%clk 0:01:44]} 39. hxg5 {[%clk 0:01:47]} fxg5 {[%clk 0:01:50]} 40. fxg5
{[%clk 0:01:52]} g6 {[%clk 0:01:44]} 41. Qb6 {[%clk 0:01:40]} Re8+
{[%clk 0:01:50]} 42. Kf4 {[%clk 0:01:44]} Kg8 {[%clk 0:01:58]} 43. Qb5
{[%clk 0:01:47]} Re7 {[%clk 0:01:37]} 44. Qb8+ {[%clk 0:01:49]} Kh7
{[%clk 0:01:35]} 45. Qb5 {[%clk 0:01:53]} Re1 {[%clk 0:01:23]} 46. Kg3
{[%clk 0:01:30]} Kg7 {[%clk 0:01:12]} 47. Qb6 {[%clk 0:01:32]} Re2
{[%clk 0:01:02]} 48. Kf3 {[%clk 0:01:25]} Rd2 {[%clk 0:00:58]} 49. Ke3
{[%clk 0:01:26]} Rd5 {[%clk 0:00:59]} 50. Kf4 {[%clk 0:01:24]} Rf5+
{[%clk 0:00:55]} 51. Kg4 {[%clk 0:01:31]} Kh7 {[%clk 0:01:00]} 52. Kh4
{[%clk 0:01:06]} Bd5 {[%clk 0:00:44]} 53. Kg4 {[%clk 0:01:02]} Rf7
{[%clk 0:00:39]} 54. Qb5 {[%clk 0:01:00]} Be6+ {[%clk 0:00:35]} 55. Kg3
{[%clk 0:01:03]} Rf5 {[%clk 0:00:27]} 56. Qb7+ {[%clk 0:01:07]} Bf7
{[%clk 0:00:30]} 57. Kg4 {[%clk 0:01:11]} Rf1 {[%clk 0:00:33]} 58. Qb6
{[%clk 0:01:11]} Rf5 {[%clk 0:00:32]} 59. Qb7 {[%clk 0:01:17]} Kg7
{[%clk 0:00:41]} 60. Qb6 {[%clk 0:01:23]} Rd5 {[%clk 0:00:41]} 61. Kf4
{[%clk 0:00:58]} Rd2 {[%clk 0:00:48]} 62. Ke3 {[%clk 0:01:07]} Rd1
{[%clk 0:00:51]} 63. Qb8 {[%clk 0:00:53]} Rd5 {[%clk 0:00:35]} 64. Kf4
{[%clk 0:00:59]} Rf5+ {[%clk 0:00:36]} 65. Kg4 {[%clk 0:01:00]} Rf2
{[%clk 0:00:40]} 66. Kg3 {[%clk 0:00:49]} Re2 {[%clk 0:00:35]} 67. Kf3
{[%clk 0:00:47]} Re7 {[%clk 0:00:40]} 68. Kf4 {[%clk 0:00:48]} Re1
{[%clk 0:00:28]} 69. Kf3 {[%clk 0:00:37]} Rf1+ {[%clk 0:00:22]} 70. Kg3
{[%clk 0:00:42]} Rf5 {[%clk 0:00:28]} 71. Kg4 {[%clk 0:00:48]} Be6
{[%clk 0:00:33]} 72. Qb6 {[%clk 0:00:41]} Bd5 {[%clk 0:00:19]} 73. Qd4+
{[%clk 0:00:41]} Kh7 {[%clk 0:00:24]} 74. Qb6 {[%clk 0:00:44]} Rf7
{[%clk 0:00:25]} 75. Qb5 {[%clk 0:00:49]} Bf3+ {[%clk 0:00:22]} 76. Kg3
{[%clk 0:00:25]} Rb7 {[%clk 0:00:31]} 77. Qc4 {[%clk 0:00:00]} 0-1

[Event "Team Championship (men rapid)"]
[Site "Sochi"]
[Date "2017.10.03"]
[Round "5.15"]
[White "Levin, Evgeny A."]
[Black "Demidov, Mikhail"]
[Result "0-1"]
[LiveChessVersion "1.4.8"]
[BlackElo "2605"]
[WhiteElo "2544"]

1. d4 {[%clk 0:15:19]} d5 {[%clk 0:15:12]} 2. c4 {[%clk 0:15:28]} c6
{[%clk 0:15:22]} 3. Nf3 {[%clk 0:15:36]} Nf6 {[%clk 0:15:31]} 4. e3
{[%clk 0:15:45]} Bf5 {[%clk 0:15:39]} 5. Nc3 {[%clk 0:15:54]} e6 {[%clk 0:15:48]}
6. Nh4 {[%clk 0:16:02]} Be4 {[%clk 0:15:57]} 7. Qb3 {[%clk 0:16:10]} Qb6
{[%clk 0:16:04]} 8. Qxb6 {[%clk 0:13:13]} axb6 {[%clk 0:16:12]} 9. f3
{[%clk 0:13:15]} Bc2 {[%clk 0:15:53]} 10. g4 {[%clk 0:11:13]} dxc4
{[%clk 0:15:02]} 11. Kd2 {[%clk 0:09:51]} Bd3 {[%clk 0:13:32]} 12. Bxd3
{[%clk 0:10:00]} cxd3 {[%clk 0:13:42]} 13. Kxd3 {[%clk 0:10:09]} Be7
{[%clk 0:13:51]} 14. Ng2 {[%clk 0:09:34]} O-O {[%clk 0:13:56]} 15. Rd1
{[%clk 0:09:13]} Rd8 {[%clk 0:14:04]} 16. Ke2 {[%clk 0:08:50]} b5
{[%clk 0:13:48]} 17. Nf4 {[%clk 0:08:34]} Nbd7 {[%clk 0:13:47]} 18. b3
{[%clk 0:06:17]} Bd6 {[%clk 0:12:42]} 19. Nd3 {[%clk 0:05:27]} Nd5
{[%clk 0:11:56]} 20. Bb2 {[%clk 0:05:08]} Ra7 {[%clk 0:11:04]} 21. a4
{[%clk 0:04:37]} bxa4 {[%clk 0:10:13]} 22. Rxa4 {[%clk 0:04:24]} Nxc3+
{[%clk 0:09:58]} 23. Bxc3 {[%clk 0:04:33]} Rda8 {[%clk 0:10:07]} 24. Rda1
{[%clk 0:04:10]} Rxa4 {[%clk 0:10:14]} 25. bxa4 {[%clk 0:03:50]} Kf8
{[%clk 0:09:09]} 26. a5 {[%clk 0:03:39]} Ke7 {[%clk 0:08:38]} 27. Rb1
{[%clk 0:03:47]} Ra7 {[%clk 0:08:44]} 28. Nb2 {[%clk 0:03:43]} b5
{[%clk 0:08:38]} 29. axb6 {[%clk 0:03:51]} Nxb6 {[%clk 0:08:46]} 30. Nd3
{[%clk 0:01:23]} Ra2+ {[%clk 0:08:54]} 31. Rb2 {[%clk 0:01:25]} Na4
{[%clk 0:08:59]} 0-1

[Event "Team Championship (men rapid)"]
[Site "Sochi"]
[Date "2017.10.03"]
[Round "5.16"]
[White "Lugovskoy, Maxim"]
[Black "Usmanov, Vasily"]
[Result "0-1"]
[LiveChessVersion "1.4.8"]
[BlackElo "2476"]
[WhiteElo "2507"]

1. e4 {[%clk 0:15:18]} e6 {[%clk 0:15:18]} 2. d4 {[%clk 0:15:16]} d5
{[%clk 0:15:26]} 3. Nc3 {[%clk 0:14:38]} Nf6 {[%clk 0:15:34]} 4. e5
{[%clk 0:14:46]} Nfd7 {[%clk 0:15:43]} 5. f4 {[%clk 0:14:54]} c5 {[%clk 0:15:52]}
6. Nf3 {[%clk 0:15:02]} Nc6 {[%clk 0:16:00]} 7. Be3 {[%clk 0:15:10]} cxd4
{[%clk 0:16:08]} 8. Nxd4 {[%clk 0:15:18]} Bc5 {[%clk 0:16:16]} 9. Qd2
{[%clk 0:13:19]} Bxd4 {[%clk 0:16:23]} 10. Bxd4 {[%clk 0:13:28]} Nxd4
{[%clk 0:16:31]} 11. Qxd4 {[%clk 0:13:37]} Qb6 {[%clk 0:16:40]} 12. Nb5
{[%clk 0:13:46]} Qxd4 {[%clk 0:16:48]} 13. Nxd4 {[%clk 0:13:55]} Ke7
{[%clk 0:16:57]} 14. h4 {[%clk 0:14:04]} h5 {[%clk 0:17:06]} 15. Rh3
{[%clk 0:14:00]} Nb8 {[%clk 0:17:07]} 16. Rc3 {[%clk 0:13:23]} Bd7
{[%clk 0:17:16]} 17. Rc7 {[%clk 0:08:38]} Nc6 {[%clk 0:17:18]} 18. O-O-O
{[%clk 0:08:23]} Rab8 {[%clk 0:03:54]} 19. Nxc6+ {[%clk 0:08:26]} bxc6
{[%clk 0:04:02]} 20. Rxa7 {[%clk 0:08:34]} Rb4 {[%clk 0:04:10]} 21. g3
{[%clk 0:08:32]} f6 {[%clk 0:03:51]} 22. c3 {[%clk 0:08:11]} Re4 {[%clk 0:03:54]}
23. Bd3 {[%clk 0:05:13]} Re3 {[%clk 0:04:00]} 24. a4 {[%clk 0:04:23]} fxe5
{[%clk 0:04:01]} 25. fxe5 {[%clk 0:04:32]} Rxe5 {[%clk 0:03:48]} 26. a5
{[%clk 0:04:42]} Kd6 {[%clk 0:03:54]} 27. Rf1 {[%clk 0:04:13]} Re3
{[%clk 0:03:19]} 28. Kd2 {[%clk 0:04:07]} Rxg3 {[%clk 0:03:26]} 29. Rf7
{[%clk 0:03:40]} Rd8 {[%clk 0:02:19]} 30. a6 {[%clk 0:03:49]} Rg2+
{[%clk 0:02:07]} 31. Be2 {[%clk 0:03:57]} Bc8 {[%clk 0:02:03]} 32. Ra8
{[%clk 0:03:42]} e5 {[%clk 0:02:04]} 33. Rf3 {[%clk 0:00:38]} e4 {[%clk 0:01:58]}
34. Re3 {[%clk 0:00:42]} Kc7 {[%clk 0:01:50]} 35. Ke1 {[%clk 0:00:26]} c5
{[%clk 0:01:18]} 36. c4 {[%clk 0:00:20]} d4 {[%clk 0:00:42]} 37. Rxe4
{[%clk 0:00:30]} d3 {[%clk 0:00:24]} 38. Bd1 {[%clk 0:00:12]} Rf8
{[%clk 0:00:16]} 39. Rxc8+ {[%clk 0:00:11]} Kxc8 {[%clk 0:00:20]} 40. Bf3
{[%clk 0:00:11]} d2+ {[%clk 0:00:24]} 41. Kd1 {[%clk 0:00:16]} Rxf3
{[%clk 0:00:33]} 0-1

[Event "Team Championship (men rapid)"]
[Site "Sochi"]
[Date "2017.10.03"]
[Round "5.17"]
[White "Moskalenko, Alexander"]
[Black "Fedoseev, Vladimir"]
[Result "1/2-1/2"]
[LiveChessVersion "1.4.8"]
[BlackElo "2759"]
[WhiteElo "2459"]

1. Nf3 {[%clk 0:15:19]} Nf6 {[%clk 0:15:19]} 2. d4 {[%clk 0:15:16]} e6
{[%clk 0:15:23]} 3. c4 {[%clk 0:15:19]} b6 {[%clk 0:15:30]} 4. g3
{[%clk 0:15:20]} Ba6 {[%clk 0:15:33]} 5. b3 {[%clk 0:15:28]} Bb4+
{[%clk 0:15:40]} 6. Bd2 {[%clk 0:15:36]} Be7 {[%clk 0:15:48]} 7. Nc3
{[%clk 0:15:44]} d5 {[%clk 0:15:56]} 8. cxd5 {[%clk 0:15:51]} exd5
{[%clk 0:16:04]} 9. Bg2 {[%clk 0:15:56]} O-O {[%clk 0:16:10]} 10. O-O
{[%clk 0:15:54]} Bb7 {[%clk 0:16:07]} 11. Ne5 {[%clk 0:15:53]} Re8
{[%clk 0:15:51]} 12. Rc1 {[%clk 0:15:04]} h6 {[%clk 0:13:22]} 13. Bf4
{[%clk 0:12:34]} Na6 {[%clk 0:13:26]} 14. Nb5 {[%clk 0:12:07]} c5
{[%clk 0:12:51]} 15. dxc5 {[%clk 0:12:01]} bxc5 {[%clk 0:12:40]} 16. Nc4
{[%clk 0:12:05]} Qd7 {[%clk 0:10:00]} 17. Nbd6 {[%clk 0:10:07]} Red8
{[%clk 0:09:04]} 18. Nxb7 {[%clk 0:08:50]} Qxb7 {[%clk 0:08:43]} 19. Ne3
{[%clk 0:08:09]} Nb4 {[%clk 0:06:21]} 20. a3 {[%clk 0:07:20]} Na2
{[%clk 0:06:27]} 21. Rc2 {[%clk 0:07:18]} Qxb3 {[%clk 0:06:33]} 22. Qb1
{[%clk 0:07:15]} Qxb1 {[%clk 0:04:34]} 23. Rxb1 {[%clk 0:07:23]} Nc3
{[%clk 0:04:38]} 24. Rxc3 {[%clk 0:07:23]} d4 {[%clk 0:04:47]} 25. Rc4
{[%clk 0:07:01]} dxe3 {[%clk 0:04:52]} 26. Bxa8 {[%clk 0:07:00]} exf2+
{[%clk 0:05:01]} 27. Kxf2 {[%clk 0:07:03]} Rxa8 {[%clk 0:05:09]} 28. Rb8+
{[%clk 0:06:59]} Rxb8 {[%clk 0:05:12]} 29. Bxb8 {[%clk 0:07:08]} a6
{[%clk 0:05:21]} 30. Ra4 {[%clk 0:06:53]} c4 {[%clk 0:05:30]} 31. Rxc4
{[%clk 0:06:42]} Bxa3 {[%clk 0:05:38]} 32. Ra4 {[%clk 0:06:47]} Bc5+
{[%clk 0:03:06]} 33. Kf3 {[%clk 0:06:53]} Nd7 {[%clk 0:02:58]} 34. Bc7
{[%clk 0:07:01]} Nf8 {[%clk 0:02:53]} 35. Rxa6 {[%clk 0:07:04]} Ne6
{[%clk 0:03:02]} 36. Be5 {[%clk 0:07:02]} Kh7 {[%clk 0:02:59]} 37. g4
{[%clk 0:06:14]} Be7 {[%clk 0:02:49]} 38. e3 {[%clk 0:05:35]} Kg6
{[%clk 0:02:44]} 39. Kg3 {[%clk 0:04:45]} h5 {[%clk 0:02:29]} 40. Ra7
{[%clk 0:03:50]} Bc5 {[%clk 0:02:16]} 41. gxh5+ Kf5 42. h6 {[%clk 0:02:00]} gxh6
{[%clk 0:02:01]} 43. Rxf7+ {[%clk 0:01:54]} Kxe5 {[%clk 0:02:09]} 44. Kg4
{[%clk 0:01:53]} Bxe3 {[%clk 0:02:14]} 45. Re7 {[%clk 0:01:56]} Kf6
{[%clk 0:02:16]} 46. Rxe6+ {[%clk 0:02:02]} Kxe6 {[%clk 0:02:24]} 47. h4
{[%clk 0:02:11]} Ke5 {[%clk 0:01:26]} 48. Kf4+ 1/2-1/2

[Event "Team Championship (men rapid)"]
[Site "Sochi"]
[Date "2017.10.03"]
[Round "5.18"]
[White "Sjugirov, Sanan"]
[Black "Vastrukhin, Oleg"]
[Result "1-0"]
[LiveChessVersion "1.4.8"]
[BlackElo "2508"]
[WhiteElo "2765"]

1. d4 {[%clk 0:15:17]} g6 {[%clk 0:15:19]} 2. e4 {[%clk 0:15:26]} Bg7
{[%clk 0:15:27]} 3. Nc3 {[%clk 0:15:33]} c6 {[%clk 0:15:35]} 4. f4
{[%clk 0:15:29]} d5 {[%clk 0:15:43]} 5. e5 {[%clk 0:15:38]} Nh6 {[%clk 0:15:52]}
6. Nf3 {[%clk 0:15:37]} Bg4 {[%clk 0:15:54]} 7. Be3 {[%clk 0:15:24]} O-O
{[%clk 0:15:51]} 8. h3 {[%clk 0:15:19]} Bxf3 {[%clk 0:15:58]} 9. Qxf3
{[%clk 0:15:28]} f6 {[%clk 0:15:33]} 10. exf6 {[%clk 0:15:35]} exf6
{[%clk 0:13:34]} 11. g4 {[%clk 0:15:43]} f5 {[%clk 0:12:45]} 12. O-O-O
{[%clk 0:15:45]} b5 {[%clk 0:11:45]} 13. Kb1 {[%clk 0:15:14]} b4 {[%clk 0:11:24]}
14. Ne2 {[%clk 0:15:02]} Qc8 {[%clk 0:08:42]} 15. Rg1 {[%clk 0:14:39]} Nd7
{[%clk 0:08:43]} 16. Ng3 {[%clk 0:13:54]} Nb6 {[%clk 0:06:53]} 17. gxf5
{[%clk 0:13:53]} Nxf5 {[%clk 0:07:00]} 18. Nxf5 {[%clk 0:14:00]} Qxf5
{[%clk 0:06:39]} 19. Bd3 {[%clk 0:14:07]} Qf6 {[%clk 0:06:46]} 20. f5
{[%clk 0:07:59]} c5 {[%clk 0:04:24]} 21. Ba6 {[%clk 0:03:54]} c4 {[%clk 0:02:52]}
22. Bb7 {[%clk 0:03:53]} Rae8 {[%clk 0:02:36]} 23. Bxd5+ {[%clk 0:03:51]} Kh8
{[%clk 0:02:12]} 24. Bg5 {[%clk 0:03:06]} Qd6 {[%clk 0:02:11]} 25. Be4
{[%clk 0:02:58]} gxf5 {[%clk 0:02:05]} 26. Bc6 {[%clk 0:02:59]} Re6
{[%clk 0:01:43]} 27. Bb7 {[%clk 0:02:38]} Rg6 {[%clk 0:00:59]} 28. h4
{[%clk 0:02:25]} f4 {[%clk 0:00:14]} 29. Be4 {[%clk 0:02:24]} Re6
{[%clk 0:00:19]} 30. Rg4 {[%clk 0:02:09]} Rfe8 {[%clk 0:00:14]} 31. Bxf4
{[%clk 0:02:12]} Qf8 {[%clk 0:00:17]} 32. Rxg7 {[%clk 0:01:38]} Qxg7
{[%clk 0:00:11]} 33. Be5 {[%clk 0:01:45]} Rxe5 {[%clk 0:00:20]} 34. dxe5
{[%clk 0:01:54]} Qxe5 {[%clk 0:00:17]} 35. Bc6 {[%clk 0:01:21]} Rg8
{[%clk 0:00:11]} 36. h5 {[%clk 0:01:24]} c3 {[%clk 0:00:18]} 37. b3
{[%clk 0:01:28]} Rc8 {[%clk 0:00:18]} 38. h6 {[%clk 0:01:32]} Qe7
{[%clk 0:00:12]} 39. Qf4 {[%clk 0:01:12]} Rf8 {[%clk 0:00:16]} 40. Qd4+
{[%clk 0:01:16]} Rf6 {[%clk 0:00:17]} 41. Rf1 {[%clk 0:01:05]} 1-0

[Event "Team Championship (men rapid)"]
[Site "Sochi"]
[Date "2017.10.03"]
[Round "5.19"]
[White "Oganian, Miran"]
[Black "Kovalev, Vladislav"]
[Result "0-1"]
[LiveChessVersion "1.4.8"]
[BlackElo "2615"]
[WhiteElo "2432"]

1. d4 {[%clk 0:15:19]} Nf6 {[%clk 0:15:19]} 2. c4 {[%clk 0:15:28]} g6
{[%clk 0:15:29]} 3. Nc3 {[%clk 0:15:36]} Bg7 {[%clk 0:15:38]} 4. e4
{[%clk 0:15:45]} d6 {[%clk 0:15:47]} 5. Nf3 {[%clk 0:15:53]} O-O {[%clk 0:15:56]}
6. Be2 {[%clk 0:16:02]} Na6 {[%clk 0:16:05]} 7. O-O {[%clk 0:16:08]} e5
{[%clk 0:16:14]} 8. Be3 {[%clk 0:16:17]} Ng4 {[%clk 0:15:40]} 9. Bg5
{[%clk 0:16:26]} Qe8 {[%clk 0:15:21]} 10. Re1 {[%clk 0:16:18]} exd4
{[%clk 0:14:34]} 11. Nxd4 {[%clk 0:15:52]} Qe5 {[%clk 0:14:39]} 12. Nf3
{[%clk 0:15:35]} Qc5 {[%clk 0:14:48]} 13. Bh4 {[%clk 0:14:35]} Be6
{[%clk 0:14:24]} 14. Rc1 {[%clk 0:11:16]} Qb6 {[%clk 0:12:21]} 15. Na4
{[%clk 0:06:24]} Qc6 {[%clk 0:09:46]} 16. h3 {[%clk 0:05:50]} Ne5
{[%clk 0:09:46]} 17. Nd4 {[%clk 0:05:44]} Qxe4 {[%clk 0:08:42]} 18. Nxe6
{[%clk 0:05:24]} fxe6 {[%clk 0:07:35]} 19. Bg4 {[%clk 0:05:32]} Qf4
{[%clk 0:06:39]} 20. Bxe6+ {[%clk 0:05:30]} Kh8 {[%clk 0:06:49]} 21. Bg3
{[%clk 0:05:31]} Qf6 {[%clk 0:06:56]} 22. Bd5 {[%clk 0:05:12]} c6
{[%clk 0:07:06]} 23. Be4 {[%clk 0:04:57]} Rae8 {[%clk 0:06:56]} 24. Bb1
{[%clk 0:04:05]} Bh6 {[%clk 0:04:21]} 25. Rc2 {[%clk 0:03:29]} Nc7
{[%clk 0:03:24]} 26. Rce2 {[%clk 0:03:15]} Nxc4 {[%clk 0:03:05]} 27. Rxe8
{[%clk 0:02:50]} Rxe8 {[%clk 0:03:08]} 28. Rxe8+ {[%clk 0:02:48]} Nxe8
{[%clk 0:03:17]} 29. Qg4 {[%clk 0:02:10]} Nxb2 {[%clk 0:02:14]} 30. Qe2
{[%clk 0:01:30]} Nxa4 {[%clk 0:02:17]} 31. Qxe8+ {[%clk 0:01:38]} Qf8
{[%clk 0:01:55]} 32. Qd7 {[%clk 0:01:23]} Nc5 {[%clk 0:01:38]} 33. Qc7
{[%clk 0:00:48]} Bf4 {[%clk 0:01:39]} 34. Bh4 {[%clk 0:00:56]} Be5
{[%clk 0:01:02]} 35. Be7 {[%clk 0:00:28]} Qf7 {[%clk 0:00:39]} 36. Qd8+
{[%clk 0:00:15]} Kg7 {[%clk 0:00:48]} 37. Bxd6 {[%clk 0:00:15]} Bxd6
{[%clk 0:00:57]} 38. Qxd6 {[%clk 0:00:24]} Ne6 {[%clk 0:00:17]} 39. Bc2
{[%clk 0:00:21]} Kf6 {[%clk 0:00:18]} 40. Bb3 {[%clk 0:00:27]} Qe7
{[%clk 0:00:27]} 41. Qb8 {[%clk 0:00:21]} Nc5 {[%clk 0:00:16]} 42. Qf4+
{[%clk 0:00:14]} Kg7 {[%clk 0:00:25]} 43. Qd4+ {[%clk 0:00:23]} Kh6
{[%clk 0:00:35]} 44. Bc2 {[%clk 0:00:12]} Nd7 {[%clk 0:00:19]} 45. Qxa7
{[%clk 0:00:13]} Qe1+ {[%clk 0:00:14]} 46. Kh2 {[%clk 0:00:22]} Qe5+
{[%clk 0:00:23]} 47. Kg1 {[%clk 0:00:13]} Nc5 {[%clk 0:00:21]} 48. Kf1
{[%clk 0:00:11]} Qa1+ {[%clk 0:00:19]} 49. Ke2 {[%clk 0:00:20]} Qc3
{[%clk 0:00:28]} 50. Kd1 {[%clk 0:00:15]} Qd4+ {[%clk 0:00:32]} 51. Ke2
{[%clk 0:00:20]} Qc3 {[%clk 0:00:18]} 52. Kd1 {[%clk 0:00:29]} Qc4
{[%clk 0:00:20]} 53. Kd2 {[%clk 0:00:23]} Qd5+ {[%clk 0:00:24]} 54. Kc1
{[%clk 0:00:13]} Qd4 {[%clk 0:00:31]} 55. Kb1 {[%clk 0:00:11]} Qxf2
{[%clk 0:00:36]} 56. Qb8 {[%clk 0:00:00]} 0-1

[Event "Team Championship (men rapid)"]
[Site "Sochi"]
[Date "2017.10.03"]
[Round "5.20"]
[White "Predke, Alexandr"]
[Black "Utnasunov, Alexander"]
[Result "0-1"]
[LiveChessVersion "1.4.8"]
[BlackElo "2442"]
[WhiteElo "2607"]

1. e4 {[%clk 0:15:18]} c5 {[%clk 0:15:19]} 2. Nf3 {[%clk 0:15:26]} d6
{[%clk 0:15:28]} 3. d4 {[%clk 0:15:35]} cxd4 {[%clk 0:15:36]} 4. Nxd4
{[%clk 0:15:43]} Nf6 {[%clk 0:15:44]} 5. Nc3 {[%clk 0:15:52]} g6 {[%clk 0:15:53]}
6. Be3 {[%clk 0:15:06]} a6 {[%clk 0:16:01]} 7. f3 {[%clk 0:14:50]} b5
{[%clk 0:16:08]} 8. Qd2 {[%clk 0:14:21]} Bb7 {[%clk 0:16:16]} 9. g4
{[%clk 0:13:45]} Nbd7 {[%clk 0:15:18]} 10. g5 {[%clk 0:13:25]} Nh5
{[%clk 0:15:24]} 11. O-O-O {[%clk 0:12:29]} Bg7 {[%clk 0:15:28]} 12. Nce2
{[%clk 0:12:06]} Ne5 {[%clk 0:11:53]} 13. Ng3 {[%clk 0:11:31]} Nxg3
{[%clk 0:12:00]} 14. hxg3 {[%clk 0:11:40]} Rc8 {[%clk 0:12:09]} 15. Rh4
{[%clk 0:08:18]} Qc7 {[%clk 0:09:59]} 16. Kb1 {[%clk 0:07:55]} d5
{[%clk 0:07:58]} 17. f4 {[%clk 0:06:45]} Nc4 {[%clk 0:08:05]} 18. Bxc4
{[%clk 0:06:52]} dxc4 {[%clk 0:08:14]} 19. e5 {[%clk 0:06:01]} c3
{[%clk 0:08:20]} 20. Qh2 {[%clk 0:04:00]} cxb2 {[%clk 0:08:07]} 21. Rxh7
{[%clk 0:02:53]} Rxh7 {[%clk 0:08:15]} 22. Qxh7 {[%clk 0:03:02]} Kf8
{[%clk 0:08:21]} 23. Qh2 {[%clk 0:02:53]} e6 {[%clk 0:06:11]} 24. Qd2
{[%clk 0:02:28]} Kg8 {[%clk 0:06:16]} 25. Kxb2 {[%clk 0:02:16]} Bf8
{[%clk 0:06:09]} 26. Qd3 {[%clk 0:01:05]} Bd5 {[%clk 0:05:43]} 27. Bd2
{[%clk 0:01:03]} Bc4 {[%clk 0:04:05]} 28. Qe4 {[%clk 0:01:06]} Qc5
{[%clk 0:03:51]} 29. Nb3 {[%clk 0:00:47]} Qa3+ {[%clk 0:03:49]} 30. Kb1
{[%clk 0:00:56]} Bd5 {[%clk 0:03:54]} 31. Qd4 {[%clk 0:00:47]} Rxc2
{[%clk 0:03:16]} 32. Kxc2 {[%clk 0:00:17]} Qxa2+ {[%clk 0:03:24]} 33. Kd3
{[%clk 0:00:17]} Qxb3+ {[%clk 0:03:31]} 34. Ke2 {[%clk 0:00:26]} Bf3+
{[%clk 0:03:39]} 0-1